000 00619cab a2200229 4500
001 ABS60577
008 090401t1999 xxu||||| |||| 00| 0 eng d
035 _a(Sirsi) u93277
041 _aeng
100 _aGronow, S.
245 _aContaminated land - quantifying the inputs to an explicit appraisal model
260 _c1999
350 _a0
490 _aProperty Management
_v17 (2) 1999, 169-185(9)
650 _aCONTAMINATED LAND
650 _aContamination
_96231
650 _aVALUATION MODELS
650 _aVALUATION TECHNIQUES
690 _aRATING AND VALUATION
942 _n0
948 _c11/05/1999
999 _c59127
_d59127